000 00686nam a2200265Ia 4500
005 20260121170646.0
008 008 260114s9999 xx 000 0 eng d
020 _a9783319938943
037 _aEBOOK
040 _aCRL
040 _beng
040 _cCRL
041 _2eng
041 _aeng
084 _qCRL
100 _aMarkus Braun, Maik Böhmer, Donat-Peter Häder, Ruth Hemmersbach, Klaus Palme
_91066599
245 0 _aGravitational Biology I
260 _bSpringer
260 _bSpringer
260 _c2018
856 _uhttps://link.springer.com/openurl?genre=book&isbn=978-3-319-93894-3
942 _cEBOOK
999 _c1632329
_d1632329